Optimal control theory : (Record no. 29580)

000 -LEADER
fixed length control field 00676 a2200193 4500
020 ## - INTERNATIONAL STANDARD BOOK NUMBER
International Standard Book Number 0486434842
020 ## - INTERNATIONAL STANDARD BOOK NUMBER
International Standard Book Number 9780486434841
082 ## - DEWEY DECIMAL CLASSIFICATION NUMBER
Classification number 003.5
090 ## - LOCALLY ASSIGNED LC-TYPE CALL NUMBER (OCLC); LOCAL CALL NUMBER (RLIN)
-- 961
-- 961
100 1# - MAIN ENTRY--PERSONAL NAME
Personal name Kirk, Donald E.
245 10 - TITLE STATEMENT
Title Optimal control theory :
Remainder of title an introduction /
Statement of responsibility, etc. Donald E. Kirk, Engineering.
260 ## - PUBLICATION, DISTRIBUTION, ETC.
Place of publication, distribution, etc. [S.l.] :
Name of publisher, distributor, etc. Dover Publications,
Date of publication, distribution, etc. 2004.
300 ## - PHYSICAL DESCRIPTION
Extent 464 p. ;
Dimensions 22 cm.
490 1# - SERIES STATEMENT
Series statement Dover books on electrical engineering.
700 1# - ADDED ENTRY--PERSONAL NAME
Personal name Kirk, Donald E.
830 #0 - SERIES ADDED ENTRY--UNIFORM TITLE
Uniform title Dover books on electrical engineering.
942 ## - ADDED ENTRY ELEMENTS (KOHA)
Institution code [OBSOLETE] SNS
Koha item type Book
Call number prefix 003.5 KIR
Holdings
Withdrawn status Lost status Damaged status Not for loan Permanent Location Current Location Date acquired Total Checkouts Full call number Barcode Date last seen Price effective from Koha item type
        School of Natural Sciences (SNS) School of Natural Sciences (SNS) 05/26/2016   003.5 KIR SNS0001132 05/26/2016 05/26/2016 Book
© 2023 Central Library, National University of Sciences and Technology. All Rights Reserved.